000 00445nab a2200145Ia 4500
003 ES-SlBCS
005 20210601132846.0
008 140529s1955 xxu||||| |||| 00| 0 ita d
041 _aita
100 1 _aMattai, Giuseppe
_959951
245 0 0 _aLa morale teologica del Rosmini
_c Giuseppe Mattai
600 1 4 _aRosmini-Moral Teológica
_9199575
773 0 _tGiornali di Metafisica
_gvol. 10, nº. 4-5, 1955, págs. 642-658
_w0017-0372
942 _cAR
999 _c586771
_d586771